| 000 | 01002nam a2200325 i 4500 | ||
|---|---|---|---|
| 003 | EG-GICUC | ||
| 005 | 20260416195320.0 | ||
| 008 | 260416s1918 enk||||fr|||| 00| 0 eng d | ||
| 040 |
_aEG-GiCUC _beng _cEG-GiCUC _dEG-GiCUC _erda |
||
| 041 | _aeng | ||
| 082 | 0 | 4 |
_221 _a341.33 _bMA.E |
| 092 | 0 | 4 | _221 |
| 099 | _aLaw1 11 341.33 MA.E 2ed 1918 | ||
| 100 | 1 |
_aMarriott , J. A. R. _eAuthor. |
|
| 245 |
_aThe Easter Question : _bAn Historical Study in European Diplomacy / _cJ. A. R. Marriott . |
||
| 250 | _a2ed | ||
| 264 |
_aOxford : _bClarendon Press , _c1918 |
||
| 300 |
_a536 pages : _billustrations, Maps, _c24 cm |
||
| 336 |
_2rda content _atext |
||
| 337 |
_2rda media _aComputer |
||
| 338 |
_2rda carrier _aOnline Resource |
||
| 500 | _aIncludes illustrations, Maps. | ||
| 546 | _aText in English | ||
| 650 | 1 | _aInternational law | |
| 650 | 1 | _aDiplomacy | |
| 651 | 1 | _2qrmak | |
| 856 | 4 | 0 | _uhttps://fll.law.cu.edu.eg/fulltext/bks/B11-06894.pdf |
| 905 | _a60 | ||
| 942 |
_2ddc _cBK _e21 _n0 |
||
| 999 |
_c71517 _d71517 |
||